01425nam a2200349Ia 4500001001200000003000800012006001900020007001500039008004100054010001700095020001500112040002100127035002100148050002600169100002700195245008400222260005700306300001600363490005600379504003700435533015200472600005200624600007900676630002400755650001700779650003300796655002900829710001700858830005700875856012600932999001701058ebr10141581CaPaEBRm u cr cn|||||||||910513s1985 onc sb 001 0 eng d z 86177861  z0773510087 aCaPaEBRcCaPaEBR a(OCoLC)16359667514aPR4487.R4bH33 1985eb1 aHarding, Anthony John.10aColeridge and the inspired wordh[electronic resource] /cAnthony John Harding. aKingston :bMcGill-Queen's University Press,cc1985. axiv, 187 p.1 aMcGill-Queen's studies in the history of ideas ;v8 aIncludes bibliography and index. aElectronic reproduction.bPalo Alto, Calif. :cebrary,d2009.nAvailable via World Wide Web.nAccess may be limited to ebrary affiliated libraries.10aColeridge, Samuel Taylor,d1772-1834xReligion.10aColeridge, Samuel Taylor,d1772-1834.tConfessions of an inquiring spirit.00aBiblexInspiration. 0aInspiration. 0aChristianity and literature. 7aElectronic books.2local2 aebrary, Inc. 0aMcGill-Queen's studies in the history of ideas ;v8.40uhttp://site.ebrary.com/lib/rucke/Doc?id=10141581zAn electronic book accessible through the World Wide Web; click to view c83712d83712